| 000 | 00687cam a2200169 i 4500 | ||
|---|---|---|---|
| 005 | 20251125092738.0 | ||
| 008 | 250721s1975 jo gr 000 0 ara d | ||
| 082 | 1 | 4 |
_a211.7 _bت ر م |
| 100 | 1 |
_aالترمذي، أبو عبد الله محمد بن علي بن _eمؤلف. |
|
| 245 | 1 | 2 |
_aالأمثال من الكتاب و السنة / _cلأبي عبدالله محمد بن علي الحكيم الترمدي ؛ تحقيق علي محمد البجاوى. |
| 264 | 3 | 1 |
_aالقاهرة : _bمكتبةدار التراث، _c1975. |
| 300 | _a387 صفحة. | ||
| 650 | 1 | 7 | _aالقرآن الكريم. |
| 650 | 1 | 7 | _aألفاظ القرآن. |
| 942 |
_2ddc _cBK |
||
| 999 |
_c374 _d374 |
||